Music Quiz

Random Music Quiz
Score 0/41 Timer 05:00
0 Plays Today
% Correct
Romania
95%
Azerbaijan
94.1%
Denmark
93.1%
France
93.1%
Greece
93.1%
Russia
92.1%
Malta
87.1%
Czech Republic
83.2%
Albania
80.2%
Slovenia
80.2%
North Macedonia
79.2%
Iceland
78.2%
United Kingdom
78.2%
Cyprus
75.2%
Ausralia
74.3%
Estonia
74.3%
Georgia
74.3%
Serbia
74.3%
Belgium
73.3%
Germany
73.3%
Switzerland
72.3%
% Correct
Ireland
68.3%
Bulgaria
67.3%
Armenia
64.4%
Ukraine
64.4%
Croatia
62.4%
Finland
58.4%
Lithuania
57.4%
Poland
57.4%
Austria
55.4%
Latvia
55.4%
Norway
55.4%
Sweden
55.4%
Italy
53.5%
Moldova
52.5%
Spain
52.5%
The Netherlands
48.5%
Portgual
48.5%
San Marino
48.5%
Belarus
47.5%
Israel
42.6%
Remove Ads.
Support Sporcle.
Get the best of Sporcle when you Go Orange. This ad-free experience offers more features, more stats, and more fun while also helping to support Sporcle. Thank you for becoming a member.

You're not logged in!

Compare scores with friends on all Sporcle quizzes.
OR
Log In

Sporcle TV

Today on Sporcle TV


Watch our educational content, quiz creation guides, and fun videos on Sporcle TV.

Show Comments

Extras

Top Quizzes Today


Score Distribution

Paid Content

Your Account Isn't Verified!

In order to create a playlist on Sporcle, you need to verify the email address you used during registration. Go to your Sporcle Settings to finish the process.

Report this User

Report this user for behavior that violates our Community Guidelines.

Details: